Netter's atlas of human embryology / (Record no. 99058)
[ view plain ]
| 000 -LEADER | |
|---|---|
| fixed length control field | 00961nam a22002897a 4500 |
| 003 - CONTROL NUMBER IDENTIFIER | |
| control field | URS |
| 005 - DATE AND TIME OF LATEST TRANSACTION | |
| control field | 20260406141157.0 |
| 008 - FIXED-LENGTH DATA ELEMENTS--GENERAL INFORMATION | |
| fixed length control field | 260315b |||||||| |||| 00| 0 eng d |
| 020 ## - INTERNATIONAL STANDARD BOOK NUMBER | |
| International Standard Book Number | 978-0-44311-761-9 |
| 040 ## - CATALOGING SOURCE | |
| Transcribing agency | URS |
| Language of cataloging | English |
| Description conventions | rda |
| 050 00 - LIBRARY OF CONGRESS CALL NUMBER | |
| Classification number | QM602 |
| Item number | .C641 2025 |
| 082 00 - DEWEY DECIMAL CLASSIFICATION NUMBER | |
| Classification number | 612.6/4 |
| 100 1# - MAIN ENTRY--PERSONAL NAME | |
| Personal name | Cochard, Larry R., |
| Relator term | author. |
| 245 10 - TITLE STATEMENT | |
| Title | Netter's atlas of human embryology / |
| Statement of responsibility, etc | Larry R. Cochard, Angelique N. Dueñas. |
| 246 30 - VARYING FORM OF TITLE | |
| Title proper/short title | Atlas of human embryology |
| 250 ## - EDITION STATEMENT | |
| Edition statement | 2nd edition. |
| 264 ## - PUBLICATION, DISTRIBUTION, ETC. (IMPRINT) | |
| Place of publication, distribution, etc | Teterboro, N.J. : |
| Name of publisher, distributor, etc | Elsevier |
| Date of publication, distribution, etc | ©2025. |
| 300 ## - PHYSICAL DESCRIPTION | |
| Extent | xi, 288 pages : |
| Other physical details | color illustrations ; |
| Dimensions | 28 cm. |
| 336 ## - CONTENT TYPE | |
| Content type term | text |
| Content type code | txt |
| Source | rdacontent |
| 337 ## - MEDIA TYPE | |
| Media type term | unmediated |
| Media type code | n |
| Source | rdamedia |
| 338 ## - CARRIER TYPE | |
| Carrier type term | volume |
| Carrier type code | nc |
| Source | rdacarrier |
| 500 ## - GENERAL NOTE | |
| General note | Include index. |
| 650 #0 - SUBJECT ADDED ENTRY--TOPICAL TERM | |
| Topical term or geographic name as entry element | Embryology, Human |
| Form subdivision | Atlases. |
| 655 #7 - INDEX TERM--GENRE/FORM | |
| Genre/form data or focus term | Atlases. |
| Source of term | lcgft |
| Authority record control number | https://id.loc.gov/authorities/genreForms/gf2011026058 |
| 700 ## - ADDED ENTRY--PERSONAL NAME | |
| Personal name | Dueñas, Angelique N., |
| Relator term | author. |
| 9 (RLIN) | 6719 |
| 942 ## - ADDED ENTRY ELEMENTS (KOHA) | |
| Source of classification or shelving scheme | Library of Congress Classification |
| Koha item type | Reserved Books |
| Withdrawn status | Lost status | Source of classification or shelving scheme | Damaged status | Not for loan | Collection code | Home library | Current library | Shelving location | Date acquired | Source of acquisition | Cost, normal purchase price | Total Checkouts | Full call number | Barcode | Date last seen | Copy number | Cost, replacement price | Price effective from | Koha item type |
|---|---|---|---|---|---|---|---|---|---|---|---|---|---|---|---|---|---|---|---|
| Library of Congress Classification | Non-fiction | Taytay College Library | Taytay College Library | Medicine Collection | 03/15/2026 | Purchased | 5460.00 | QM602 .C641 2025 | URSTAY-6059 | 03/15/2026 | 1 | 5460.00 | 03/15/2026 | Reserved Books |